[Event "HZ Chess Tournament 2023"]
[Site "Vlissingen, Netherlands"]
[Date "2023.08.06"]
[Round "3.49"]
[White "Kools, Jasper"]
[Black "Hoffman, Ron"]
[Result "0-1"]
[WhiteElo "1770"]
[BlackElo "2028"]
[PlyCount "30"]

1. d4 Nf6 2. Nc3 d5 3. Bf4 Bf5 4. f3 Bg6 5. g4 h6 6. e3 e6 7. Bd3 Bxd3 8. Qxd3
a6 9. O-O-O c5 10. dxc5 Bxc5 11. e4 d4 12. g5 hxg5 13. Bxg5 Nc6 14. Qc4 Qa5 15.
Qa4 dxc3 0-1

[Event "HZ Chess Tournament 2023"]
[Site "Vlissingen, Netherlands"]
[Date "2023.08.06"]
[Round "3.50"]
[White "Song, Ethan"]
[Black "Van der Sloot, Jens"]
[Result "1-0"]
[WhiteElo "2025"]
[BlackElo "1705"]
[PlyCount "57"]

1. e4 c5 2. Nc3 Nc6 3. Nge2 e6 4. d4 cxd4 5. Nxd4 Qc7 6. Be2 Nf6 7. O-O a6 8.
Bg5 Bc5 9. Nb3 Ba7 10. a4 Qe5 11. Bxf6 gxf6 12. Kh1 Qc7 13. f4 Rg8 14. Qd3 b6
15. e5 f5 16. Bf3 Bb7 17. Rad1 h5 18. Nd4 Nxd4 19. Qxd4 b5 20. Qd3 b4 21. Ne2
Rc8 22. c3 bxc3 23. Nxc3 Bxf3 24. Rxf3 Qc6 25. b4 f6 26. b5 axb5 27. Nxb5 Bb8
28. exf6 Bxf4 29. Na7 1-0

[Event "HZ Chess Tournament 2023"]
[Site "Vlissingen, Netherlands"]
[Date "2023.08.06"]
[Round "3.51"]
[White "Verwoert, Jef"]
[Black "Koppenens, Oscar"]
[Result "1-0"]
[WhiteElo "2023"]
[BlackElo "1684"]
[PlyCount "67"]

1. Nc3 c5 2. Nf3 d5 3. e4 e6 4. exd5 exd5 5. Bb5+ Nc6 6. Qe2+ Be6 7. d3 Be7 8.
O-O Nf6 9. Re1 d4 10. Ne4 Nxe4 11. Qxe4 Rc8 12. Ne5 Bd5 13. Bxc6+ bxc6 14. Qg4
O-O 15. Bh6 Bf6 16. Bd2 Qd6 17. Bf4 Qd8 18. Nd7 Be6 19. Nxf6+ Qxf6 20. Qg3 Rfe8
21. Be5 Qg6 22. Qxg6 hxg6 23. Bd6 c4 24. dxc4 c5 25. b3 Red8 26. Bf4 Kf8 27. f3
Ke7 28. Re2 Kd7 29. Rae1 Re8 30. Kf2 a6 31. g4 f6 32. c3 Kc6 33. Rxe6+ Rxe6 34.
Rxe6+ 1-0

[Event "HZ Chess Tournament 2023"]
[Site "Vlissingen, Netherlands"]
[Date "2023.08.06"]
[Round "3.52"]
[White "Boulahfa, Hicham"]
[Black "Merz, Leander"]
[Result "1-0"]
[WhiteElo "2001"]
[BlackElo "1660"]
[PlyCount "119"]

1. Nc3 d5 2. d4 e6 3. e4 dxe4 4. f3 exf3 5. Nxf3 Nf6 6. Bd3 Nc6 7. a3 b6 8. Bb5
Bd7 9. O-O a6 10. Bd3 Be7 11. Qe1 Bc8 12. Qh4 Bb7 13. Bg5 h6 14. Rad1 Qd7 15.
d5 Nxd5 16. Nxd5 Qxd5 17. Bxe7 Nxe7 18. Kh1 Nf5 19. Bxf5 Qxf5 20. Qg3 Bxf3 21.
Qxg7 Qg5 22. Qxg5 hxg5 23. Rxf3 Ke7 24. Re3 Rac8 25. Kg1 c5 26. a4 f5 27. Rb3
Rc6 28. a5 b5 29. Rbd3 e5 30. Rd7+ Ke6 31. Rg7 Rh6 32. Rxg5 Rf6 33. Rg7 Rd6 34.
Rxd6+ Kxd6 35. Rb7 Kd5 36. Rb6 Re6 37. h4 e4 38. h5 Re8 39. Rxa6 Rh8 40. h6 Kc4
41. Rf6 b4 42. a6 Rh7 43. Kf2 Kd4 44. Ke2 Ke5 45. Rc6 Kd5 46. Rg6 Ke5 47. g3
Kd5 48. Ke3 Ke5 49. Rb6 Ra7 50. Rc6 Kd5 51. Rg6 Ke5 52. Rg5 Rxa6 53. Rh5 Ra8
54. g4 Rh8 55. Rxf5+ Ke6 56. Rh5 c4 57. h7 b3 58. c3 Kf6 59. Kxe4 Kg6 60. Kd4
1-0

[Event "HZ Chess Tournament 2023"]
[Site "Vlissingen, Netherlands"]
[Date "2023.08.07"]
[Round "4.1"]
[White "Ter-Sahakyan, Samvel"]
[Black "Maatman, Nick"]
[Result "1/2-1/2"]
[WhiteElo "2604"]
[BlackElo "2362"]
[PlyCount "33"]

1. e4 e5 2. Nf3 Nc6 3. Bb5 Nf6 4. d3 Bc5 5. c3 O-O 6. O-O d5 7. Nbd2 dxe4 8.
dxe4 a5 9. Qc2 Qe7 10. a4 Nb8 11. h3 Rd8 12. Re1 Ne8 13. Bf1 Nd6 14. Nb3 Bb6
15. c4 c5 16. Be3 Ne8 17. Nc1 1/2-1/2

[Event "HZ Chess Tournament 2023"]
[Site "Vlissingen, Netherlands"]
[Date "2023.08.07"]
[Round "4.2"]
[White "Vrolijk, Liam"]
[Black "Van Delft, Merijn"]
[Result "1-0"]
[WhiteElo "2517"]
[BlackElo "2369"]
[PlyCount "63"]

1. e4 c5 2. Nf3 d6 3. d4 cxd4 4. Nxd4 Nf6 5. Nc3 a6 6. Bg5 Nbd7 7. a3 h6 8.
Bxf6 Nxf6 9. Bc4 g6 10. Qd3 Bg7 11. O-O-O O-O 12. Ba2 e6 13. f4 d5 14. e5 Nd7
15. h4 b5 16. Nxd5 exd5 17. Nc6 Qe8 18. Qxd5 Nb6 19. Qc5 Na4 20. Ne7+ Kh7 21.
Qc7 Bg4 22. Rd6 Qb8 23. Qc6 Qa7 24. h5 Qe3+ 25. Kb1 g5 26. Bxf7 Rxf7 27. Rxh6+
Bxh6 28. Qg6+ Kh8 29. Qxh6+ Rh7 30. Qf6+ Rg7 31. h6 Qxf4 32. hxg7# 1-0

[Event "HZ Chess Tournament 2023"]
[Site "Vlissingen, Netherlands"]
[Date "2023.08.07"]
[Round "4.3"]
[White "Pfreundt, Jakob"]
[Black "Krasenkow, Michal"]
[Result "1-0"]
[WhiteElo "2427"]
[BlackElo "2524"]
[PlyCount "81"]

1. e4 g6 2. d4 Bg7 3. Nf3 d6 4. Nc3 Nf6 5. Be3 Bg4 6. h3 Bxf3 7. Qxf3 Nc6 8.
Qd1 O-O 9. Be2 e5 10. dxe5 dxe5 11. O-O Nd4 12. Bd3 Qd6 13. Ne2 Rad8 14. Nxd4
exd4 15. Bg5 Qc5 16. f4 Rde8 17. Bxf6 Bxf6 18. Qf3 c6 19. a4 Bd8 20. g3 b5 21.
Kg2 a5 22. Rfe1 Re7 23. h4 f6 24. Re2 Bc7 25. b3 g5 26. Qh5 Rg7 27. Rf1 Qd6 28.
e5 fxe5 29. fxe5 Qe7 30. Rxf8+ Kxf8 31. hxg5 Rxg5 32. Qh6+ Rg7 33. Qxc6 Rf7 34.
axb5 Qg5 35. Qa8+ Kg7 36. Qe4 h6 37. Qxd4 Re7 38. e6+ Kg8 39. Qh4 Qd5+ 40. Qe4
Qg5 41. Qg6+ 1-0

[Event "HZ Chess Tournament 2023"]
[Site "Vlissingen, Netherlands"]
[Date "2023.08.07"]
[Round "4.5"]
[White "De Boer, Eelke"]
[Black "Ghazarian, Kirk"]
[Result "1/2-1/2"]
[WhiteElo "2270"]
[BlackElo "2469"]
[PlyCount "44"]

1. d4 Nf6 2. c4 e6 3. g3 d5 4. Nf3 dxc4 5. Bg2 Nbd7 6. O-O c6 7. Nfd2 Nb6 8. e3
Qc7 9. Qe2 e5 10. Nxc4 Nxc4 11. Qxc4 Be6 12. Qa4 exd4 13. exd4 Be7 14. Nc3 O-O
15. Bf4 Qb6 16. Rad1 Qxb2 17. d5 Qxc3 18. dxe6 fxe6 19. Rb1 Nd5 20. Rxb7 Bc5
21. Bxd5 exd5 22. Rc1 Qd4 1/2-1/2

[Event "HZ Chess Tournament 2023"]
[Site "Vlissingen, Netherlands"]
[Date "2023.08.07"]
[Round "4.6"]
[White "Ikonnikov, Vyacheslav"]
[Black "Gijsen, William"]
[Result "1/2-1/2"]
[WhiteElo "2467"]
[BlackElo "2144"]
[PlyCount "117"]

1. d4 d5 2. Nf3 e6 3. c4 a6 4. cxd5 exd5 5. Nc3 Nf6 6. Bg5 Be6 7. e3 Nbd7 8.
Bd3 h6 9. Bh4 g5 10. Bg3 Nh5 11. Be5 Nhf6 12. Qc2 g4 13. Bxf6 Qxf6 14. Nd2 Bg7
15. Na4 Rc8 16. Nb3 Bf8 17. O-O Bd6 18. Nac5 Nxc5 19. Nxc5 Bxc5 20. dxc5 c6 21.
f4 gxf3 22. Rxf3 Qe5 23. Raf1 Rg8 24. Bf5 Bxf5 25. Qxf5 Qxf5 26. Rxf5 Rc7 27.
Rf6 Re7 28. R1f3 Rg6 29. Kf2 Rxf6 30. Rxf6 Re6 31. Rf5 Re4 32. b3 Kf8 33. Kf3
Rb4 34. Rf4 Rb5 35. b4 a5 36. a3 axb4 37. axb4 b6 38. cxb6 Rxb6 39. Kg4 Rb5 40.
Rd4 c5 41. bxc5 Rxc5 42. h3 Rb5 43. Kf5 Ke7 44. Ke5 Rb3 45. Kf4 Ke6 46. Ra4 Rb6
47. g4 Rc6 48. Ra8 Rc4+ 49. Kf3 Rc3 50. Ra4 Ke5 51. Rf4 Ke6 52. h4 Rc1 53. Ra4
Ke5 54. Ra8 Rh1 55. Re8+ Kf6 56. Kg3 Re1 57. Kf2 Rh1 58. Kg3 Re1 59. Kf2
1/2-1/2

[Event "HZ Chess Tournament 2023"]
[Site "Vlissingen, Netherlands"]
[Date "2023.08.07"]
[Round "4.7"]
[White "Voege, Tobias"]
[Black "Leenhouts, Koen"]
[Result "1/2-1/2"]
[WhiteElo "2257"]
[BlackElo "2446"]
[PlyCount "69"]

1. d4 d5 2. Nc3 c5 3. Bf4 Nf6 4. e3 a6 5. Nf3 cxd4 6. exd4 Bg4 7. Be2 Bxf3 8.
Bxf3 e6 9. O-O Bd6 10. Ne2 Nc6 11. c4 O-O 12. Rc1 Re8 13. Bxd6 Qxd6 14. c5 Qc7
15. g3 Rad8 16. Bg2 e5 17. dxe5 Qxe5 18. Rc2 h5 19. Nf4 h4 20. Re2 Qf5 21. Nxd5
Nxd5 22. Rxe8+ Rxe8 23. Qxd5 Re5 24. Qf3 Qe6 25. gxh4 Rxc5 26. a3 Qe5 27. Qe3
Rc2 28. Qxe5 Nxe5 29. Re1 f6 30. b3 b5 31. b4 Rc3 32. Ra1 Nc4 33. a4 bxa4 34.
Bd5+ Kf8 35. Bxc4 1/2-1/2

[Event "HZ Chess Tournament 2023"]
[Site "Vlissingen, Netherlands"]
[Date "2023.08.07"]
[Round "4.8"]
[White "Zwirs, Nico"]
[Black "Wagenvoorde, Guido"]
[Result "1/2-1/2"]
[WhiteElo "2443"]
[BlackElo "2104"]
[PlyCount "126"]

1. e4 c5 2. Nf3 e6 3. d4 cxd4 4. Nxd4 Nc6 5. a3 Qc7 6. Be3 a6 7. c4 Nf6 8. Nc3
Be7 9. Be2 O-O 10. O-O d6 11. Rc1 Ne5 12. f4 Ng6 13. b4 Re8 14. Nb3 b6 15. Bd3
Bb7 16. h3 Bf8 17. Qd2 Nd7 18. Qf2 Rab8 19. Rfe1 Ba8 20. Nd2 Qd8 21. Bf1 Be7
22. g3 Bf6 23. Qe2 Rc8 24. Bf2 Qc7 25. Qd3 h5 26. h4 Ne7 27. Red1 Red8 28. Qe3
g6 29. Rc2 d5 30. e5 d4 31. Qxd4 Nxe5 32. Qxb6 Rxd2 33. fxe5 Qxb6 34. Bxb6 Rxc2
35. exf6 Nf5 36. Rd3 Kh7 37. Bc5 g5 38. hxg5 Kg6 39. Ne2 Kxg5 40. Nd4 Nxd4 41.
Rxd4 Rc3 42. Bd6 Kxf6 43. Rf4+ Kg6 44. Be5 Rxg3+ 45. Kf2 Rg5 46. Rf6+ Kh7 47.
Bf4 Rf5 48. Rxf5 exf5 49. c5 Bb7 50. Bd6 Kg6 51. a4 Ra8 52. b5 axb5 53. axb5
Ra2+ 54. Ke3 Be4 55. c6 Rc2 56. c7 Bb7 57. Bd3 Rc1 58. Kf4 Bc8 59. b6 Kf6 60.
Ba3 Rc6 61. Bb2+ Ke7 62. Ba3+ Kf6 63. Bb2+ Ke7 1/2-1/2

[Event "HZ Chess Tournament 2023"]
[Site "Vlissingen, Netherlands"]
[Date "2023.08.07"]
[Round "4.9"]
[White "Verduyn, Frederic"]
[Black "Dardha, Daniel"]
[Result "0-1"]
[WhiteElo "2119"]
[BlackElo "2598"]
[PlyCount "116"]

1. d4 Nf6 2. Bf4 b6 3. Nc3 Bb7 4. f3 d5 5. e4 e6 6. Nb5 Na6 7. e5 Nd7 8. c3 c6
9. Na3 f6 10. exf6 Qxf6 11. Qd2 Bxa3 12. bxa3 O-O 13. Bg5 Qf7 14. Nh3 e5 15.
O-O-O Nc7 16. Bd3 Rfe8 17. Qc2 h6 18. Bg6 Qf8 19. Bxe8 Rxe8 20. Bd2 Qxa3+ 21.
Kb1 Qf8 22. Rhe1 Bc8 23. Ka1 Qf7 24. Nf2 Nb5 25. Bc1 Nd6 26. Ng4 Nc4 27. Ne3 b5
28. Nxc4 bxc4 29. f4 exd4 30. Rxe8+ Qxe8 31. cxd4 Nf6 32. f5 Qh5 33. Rf1 Ne4
34. f6 Nxf6 35. Qf2 Kh7 36. Qc2+ Ne4 37. h3 Qh4 38. Bf4 Qf6 39. Qd1 Qe7 40. Be5
c3 41. Qc2 Bd7 42. Rf4 Be8 43. Rxe4 dxe4 44. Qxc3 Qg5 45. g3 Bf7 46. Bf4 Qd5
47. Qd2 Qc4 48. h4 Bd5 49. Be3 Qf1+ 50. Kb2 Kg6 51. g4 Qf3 52. g5 h5 53. Qf2
Kf5 54. Qxf3+ exf3 55. Bf2 Bxa2 56. d5 Bxd5 57. Bxa7 Kg4 58. Bf2 Kh3 0-1

[Event "HZ Chess Tournament 2023"]
[Site "Vlissingen, Netherlands"]
[Date "2023.08.07"]
[Round "4.10"]
[White "Bezemer, Arno"]
[Black "De Jong, Migchiel"]
[Result "1/2-1/2"]
[WhiteElo "2231"]
[BlackElo "2313"]
[PlyCount "37"]

1. d4 e6 2. Nf3 c5 3. e4 cxd4 4. Nxd4 a6 5. c4 Nf6 6. Nc3 Bb4 7. Qd3 O-O 8. e5
Ne8 9. Bf4 d6 10. Nc2 Bxc3+ 11. Qxc3 dxe5 12. Bxe5 Nc6 13. Bg3 e5 14. Be2 Qe7
15. O-O Nd6 16. Bf3 Nf5 17. Bxc6 Nxg3 18. Qxg3 bxc6 19. Rfe1 1/2-1/2

[Event "HZ Chess Tournament 2023"]
[Site "Vlissingen, Netherlands"]
[Date "2023.08.07"]
[Round "4.11"]
[White "Rodriguez Fontecha, Marcos"]
[Black "Tiggelman, Rene"]
[Result "1-0"]
[WhiteElo "2309"]
[BlackElo "2201"]
[PlyCount "111"]

1. d4 d5 2. Nf3 Nf6 3. g3 c5 4. dxc5 Nc6 5. c4 dxc4 6. Qxd8+ Nxd8 7. Na3 Be6 8.
Bg2 Bd5 9. O-O e6 10. Be3 Ng4 11. Bd4 Nc6 12. Bc3 Bxc5 13. Bxg7 Rg8 14. Bc3 a6
15. h3 Nxf2 16. Rxf2 Rxg3 17. Kf1 O-O-O 18. Nc2 Rdg8 19. e3 Be4 20. Nfe1 Bd3+
21. Nxd3 cxd3 22. Nd4 Rxe3 23. Rc1 Reg3 24. b4 Bxd4 25. Bxd4 f5 26. Be5 Rxg2
27. Rxg2 Rxg2 28. Kxg2 d2 29. Rd1 Nxe5 30. Rxd2 Nc4 31. Rd4 b5 32. Rh4 Kd7 33.
Rxh7+ Kc6 34. h4 Kd5 35. Kf3 Ke5 36. Rf7 Nd2+ 37. Ke2 Ne4 38. Ke3 Nf6 39. Kf3
Ne4 40. Rf8 Nf6 41. Ra8 Nd5 42. Rxa6 Nxb4 43. Ra5 Kf6 44. Rxb5 Nxa2 45. Rb3 e5
46. Ke3 f4+ 47. Ke4 Nc1 48. Rb6+ Kg7 49. Re6 Ne2 50. Rxe5 Kg6 51. Kf3 Ng3 52.
Kg4 Kh6 53. Re6+ Kh7 54. Kxf4 Nh5+ 55. Kg5 Ng7 56. Re7 1-0

[Event "HZ Chess Tournament 2023"]
[Site "Vlissingen, Netherlands"]
[Date "2023.08.07"]
[Round "4.12"]
[White "Hu, Yu A"]
[Black "Van Wely, Loek"]
[Result "0-1"]
[WhiteElo "2056"]
[BlackElo "2644"]
[PlyCount "64"]

1. e4 c5 2. Nf3 e6 3. d4 cxd4 4. Nxd4 Nc6 5. Nc3 a6 6. g3 d6 7. Bg2 Bd7 8. O-O
Nf6 9. Re1 Be7 10. Nce2 Rc8 11. Nxc6 Bxc6 12. Nd4 Bd7 13. e5 dxe5 14. Rxe5 Bc6
15. c3 Bxg2 16. Kxg2 O-O 17. Qf3 Nd5 18. Bd2 Bf6 19. Re4 Nb6 20. Rd1 Nc4 21.
Bc1 Qa5 22. Ree1 b5 23. a3 Qc7 24. h4 Rfd8 25. h5 h6 26. Nc2 Bg5 27. Bxg5 hxg5
28. h6 Rxd1 29. Rxd1 Nxb2 30. h7+ Kh8 31. Rd4 Nc4 32. Nb4 a5 0-1

[Event "HZ Chess Tournament 2023"]
[Site "Vlissingen, Netherlands"]
[Date "2023.08.07"]
[Round "4.13"]
[White "Eidelman, Gabriel"]
[Black "Goudriaan, Rafael"]
[Result "1/2-1/2"]
[WhiteElo "2204"]
[BlackElo "1990"]
[PlyCount "56"]

1. d4 Nf6 2. c4 e6 3. g3 d5 4. Bg2 dxc4 5. Nf3 c5 6. O-O Nc6 7. Qa4 Bd7 8. Qxc4
b5 9. Qc3 Nd5 10. Qd2 Qb6 11. Nc3 Nf6 12. a4 b4 13. Nb5 Na5 14. dxc5 Bxc5 15.
Qf4 O-O 16. Ne5 Rad8 17. Nd3 Nb3 18. Nxc5 Nxa1 19. Nxd7 Rxd7 20. Be3 Qd8 21.
Rxa1 Rd1+ 22. Rxd1 Qxd1+ 23. Bf1 Nd5 24. Qd4 Qxa4 25. Nd6 Nxe3 26. fxe3 Rd8 27.
e4 f6 28. e5 fxe5 1/2-1/2

[Event "HZ Chess Tournament 2023"]
[Site "Vlissingen, Netherlands"]
[Date "2023.08.07"]
[Round "4.14"]
[White "Oostvogels, Niek"]
[Black "Grochal, Joey"]
[Result "0-1"]
[WhiteElo "1933"]
[BlackElo "2280"]
[PlyCount "72"]

1. e4 c5 2. Nf3 e6 3. d3 a6 4. g3 b5 5. Bg2 Bb7 6. O-O Be7 7. Nbd2 d6 8. c3 Nf6
9. Qe2 Nbd7 10. Rd1 Qc7 11. Nf1 O-O 12. Bf4 Rfd8 13. Ne3 Ne5 14. Nc2 Ng6 15.
Bg5 h6 16. Be3 Rac8 17. Rac1 Bc6 18. Nd2 Qb7 19. f3 e5 20. d4 cxd4 21. cxd4 d5
22. dxe5 Nxe5 23. exd5 Bxd5 24. Ne1 Nc4 25. Nxc4 Bxc4 26. Rxd8+ Rxd8 27. Qc2
Nd5 28. Bd2 Qa7+ 29. Kh1 Ne3 30. Bxe3 Qxe3 31. Rd1 Rxd1 32. Qxd1 Bxa2 33. Nc2
Qf2 34. Qc1 Bc5 35. f4 Bb3 36. Be4 Bxc2 0-1

[Event "HZ Chess Tournament 2023"]
[Site "Vlissingen, Netherlands"]
[Date "2023.08.07"]
[Round "4.15"]
[White "Van der Hagen, Loek"]
[Black "Van der Werf, Joel"]
[Result "1/2-1/2"]
[WhiteElo "2269"]
[BlackElo "1993"]
[PlyCount "74"]

1. e4 c5 2. Nf3 Nc6 3. d4 cxd4 4. Nxd4 Nf6 5. Nc3 e5 6. Ndb5 d6 7. Nd5 Nxd5 8.
exd5 Nb8 9. c4 Be7 10. c5 O-O 11. Bd3 Na6 12. cxd6 Bxd6 13. O-O Nb4 14. Bb1 Qd7
15. Nxd6 Qxd6 16. Qh5 f5 17. Rd1 Nxd5 18. a4 Be6 19. Ra3 Qc6 20. Rh3 Nf6 21.
Qe2 Rad8 22. Re1 e4 23. Bg5 Qxa4 24. Ra3 Qc6 25. Rc1 Qd7 26. Rxa7 h6 27. Bf4
Nd5 28. Be5 Ra8 29. Rxa8 Rxa8 30. h3 Bf7 31. Qd2 Qa4 32. Kh2 Qb4 33. Qc2 Qe7
34. Bd4 Qd6+ 35. g3 Nb4 36. Qc3 Nd5 37. Qc2 Nb4 1/2-1/2

[Event "HZ Chess Tournament 2023"]
[Site "Vlissingen, Netherlands"]
[Date "2023.08.07"]
[Round "4.16"]
[White "Smeets, Kobe"]
[Black "Larsen, Harald"]
[Result "1-0"]
[WhiteElo "2245"]
[BlackElo "1893"]
[PlyCount "85"]

1. e4 c5 2. Nf3 e6 3. d4 cxd4 4. Nxd4 Nf6 5. Nc3 Nc6 6. Ndb5 Bb4 7. a3 Bxc3+ 8.
Nxc3 d5 9. exd5 exd5 10. Bd3 d4 11. Ne2 O-O 12. O-O Bg4 13. f3 Bh5 14. Bg5 Re8
15. Ng3 Bg6 16. Ne4 Bxe4 17. fxe4 Re6 18. Bc4 Rxe4 19. Bxf6 gxf6 20. Bd3 Re5
21. Qg4+ Rg5 22. Qh4 Rg7 23. Qxf6 Qd5 24. g3 Re8 25. Rae1 Re6 26. Rxe6 Qxe6 27.
Qf2 Rg5 28. b3 Qe3 29. Re1 Qxf2+ 30. Kxf2 Re5 31. Re4 h5 32. Rf4 Kg7 33. b4 a6
34. Be2 f5 35. Bxh5 Kh6 36. Be2 Kg6 37. Bd3 Kf6 38. g4 Re3 39. Rxf5+ Ke7 40.
Rf4 Rh3 41. Kg2 Rh8 42. Kg3 Rc8 43. h4 1-0

[Event "HZ Chess Tournament 2023"]
[Site "Vlissingen, Netherlands"]
[Date "2023.08.07"]
[Round "4.18"]
[White "Pham, Khoi"]
[Black "Verwoert, Jef"]
[Result "1-0"]
[WhiteElo "2361"]
[BlackElo "2023"]
[PlyCount "53"]

1. e4 c5 2. Nf3 a6 3. c3 e6 4. d4 cxd4 5. cxd4 Nf6 6. Bd3 d6 7. O-O Be7 8. Nc3
Nc6 9. Qe2 e5 10. d5 Nd4 11. Nxd4 exd4 12. Nb1 Nd7 13. Nd2 O-O 14. b3 Nc5 15.
Bb2 Bf6 16. h3 Re8 17. Rfe1 b5 18. Nf3 Bb7 19. Qd2 b4 20. Bxd4 Nxd3 21. Qxd3 a5
22. Rac1 Ba6 23. Qe3 Bxd4 24. Nxd4 Qd7 25. Nf5 g6 26. Qg3 Rad8 27. Rc6 1-0

[Event "HZ Chess Tournament 2023"]
[Site "Vlissingen, Netherlands"]
[Date "2023.08.07"]
[Round "4.20"]
[White "Hoffman, Ron"]
[Black "Ciolek, Andreas"]
[Result "0-1"]
[WhiteElo "2028"]
[BlackElo "2273"]
[PlyCount "100"]

1. d4 Nf6 2. Bf4 e6 3. e3 d5 4. Nf3 Bd6 5. Ne5 O-O 6. Nd2 c5 7. c3 Qc7 8. Bd3
Nc6 9. Ndf3 Ne7 10. Bg3 b6 11. O-O Bb7 12. Qe2 Ne4 13. Bxe4 dxe4 14. Nd2 Nf5
15. Nec4 Nxg3 16. hxg3 Be7 17. Rfc1 Rac8 18. Ne5 Rfd8 19. Qh5 g6 20. Qh6 f6 21.
Ng4 f5 22. Ne5 Bf6 23. Nf1 Bxe5 24. dxe5 Qxe5 25. Qg5 Kf7 26. Nh2 Qf6 27. Qh6
Qg7 28. Qh4 g5 29. Qh3 g4 30. Qh4 h6 31. Kf1 Qg5 32. Ke1 Rd3 33. Rd1 Rxe3+ 34.
Kf1 Rd3 35. Ke1 Ba6 36. Rxd3 exd3 37. f4 gxf3 38. Qxg5 hxg5 39. Nxf3 Kf6 40.
Kd2 e5 41. Rh1 e4 42. Ng1 f4 43. Rh7 e3+ 44. Kd1 d2 45. Rxa7 Bd3 46. Rb7 Rh8
47. Rxb6+ Kf5 48. g4+ Kxg4 49. Nh3 Rxh3 50. gxh3+ Kf3 0-1

[Event "HZ Chess Tournament 2023"]
[Site "Vlissingen, Netherlands"]
[Date "2023.08.07"]
[Round "4.21"]
[White "Bier, Bela"]
[Black "Syrov, Arkadi"]
[Result "1/2-1/2"]
[WhiteElo "2008"]
[BlackElo "2263"]
[PlyCount "47"]

1. d4 Nf6 2. c4 e6 3. Nc3 Bb4 4. e3 O-O 5. Bd2 d5 6. Nf3 b6 7. cxd5 exd5 8. Rc1
Bb7 9. Bd3 Re8 10. O-O Bf8 11. Ne5 c5 12. f4 Nc6 13. Ne2 Ne4 14. Be1 f6 15.
Bxe4 fxe5 16. Bf3 exd4 17. exd4 Nxd4 18. Nxd4 cxd4 19. Bf2 Ba6 20. Qxd4 Bxf1
21. Qxd5+ Kh8 22. Qxa8 Qxa8 23. Bxa8 Bb5 24. Bf3 1/2-1/2

[Event "HZ Chess Tournament 2023"]
[Site "Vlissingen, Netherlands"]
[Date "2023.08.07"]
[Round "4.22"]
[White "Verhoeven, Robin"]
[Black "Elgersma, Onno"]
[Result "0-1"]
[WhiteElo "1992"]
[BlackElo "2256"]
[PlyCount "54"]

1. e4 c6 2. d4 d5 3. e5 c5 4. dxc5 e6 5. a3 Bxc5 6. b4 Be7 7. Qg4 g6 8. Bd3 a5
9. b5 Nd7 10. Bb2 Nc5 11. Be2 Nh6 12. Qh3 Nf5 13. g4 Nh4 14. Nd2 Qc7 15. Ngf3
h5 16. Bd4 hxg4 17. Qxg4 b6 18. Be3 Bb7 19. Bg5 Nxf3+ 20. Nxf3 Ne4 21. O-O Nxg5
22. Nxg5 Qxe5 23. f4 Qe3+ 24. Kg2 Rc8 25. Bf3 Rxc2+ 26. Kg3 Rhxh2 27. Rae1
Rcg2# 0-1

[Event "HZ Chess Tournament 2023"]
[Site "Vlissingen, Netherlands"]
[Date "2023.08.07"]
[Round "4.23"]
[White "Gosman, Theo"]
[Black "Labruyere, Roger"]
[Result "0-1"]
[WhiteElo "1986"]
[BlackElo "2207"]
[PlyCount "44"]

1. d4 Nf6 2. Nc3 d5 3. e4 dxe4 4. Bg5 Bf5 5. f3 Nbd7 6. g4 Bg6 7. Qe2 c6 8.
O-O-O Qa5 9. h4 exf3 10. Nxf3 h5 11. Bxf6 gxf6 12. d5 hxg4 13. dxc6 bxc6 14.
Nd4 Ne5 15. Bg2 Bh6+ 16. Kb1 O-O 17. Bxc6 Rab8 18. Nb3 Rxb3 19. axb3 Nxc6 20.
h5 Bh7 21. Qxg4+ Kh8 22. Rd5 Bxc2+ 0-1

[Event "HZ Chess Tournament 2023"]
[Site "Vlissingen, Netherlands"]
[Date "2023.08.07"]
[Round "4.24"]
[White "Galle, Andre"]
[Black "Duijker, Rick"]
[Result "0-1"]
[WhiteElo "1978"]
[BlackElo "2198"]
[PlyCount "90"]

1. d4 Nf6 2. Nf3 c5 3. d5 b5 4. Bg5 Qb6 5. g3 Bb7 6. Bxf6 Qxf6 7. e4 Qxb2 8.
Nbd2 b4 9. Bc4 e6 10. O-O Be7 11. Rb1 Qf6 12. e5 Qg6 13. d6 Bd8 14. Bd3 Qg4 15.
Re1 f5 16. exf6 Bxf6 17. Ne4 O-O 18. h4 Bc3 19. Nfg5 Qxd1 20. Rexd1 Bd4 21. c3
Bxe4 22. Bxe4 bxc3 23. Bxh7+ Kh8 24. Be4 Nc6 25. Bxc6 c2 26. Bxa8 Rxa8 27. Nf3
Bf6 28. g4 Rc8 29. g5 Bd4 30. Rdc1 cxb1=Q 31. Rxb1 Kh7 32. Rc1 Rb8 33. h5 Rb2
34. Nxd4 cxd4 35. Rc4 Rb5 36. f4 Rd5 37. Kf2 d3 38. Ke1 e5 39. f5 Rxd6 40. Kd2
Rd5 41. Rc8 e4 42. g6+ Kh6 43. Rh8+ Kg5 44. h6 e3+ 45. Kxe3 d2 0-1

[Event "HZ Chess Tournament 2023"]
[Site "Vlissingen, Netherlands"]
[Date "2023.08.07"]
[Round "4.25"]
[White "Provoost, Simon"]
[Black "Boulahfa, Hicham"]
[Result "1-0"]
[WhiteElo "2198"]
[BlackElo "2001"]
[PlyCount "73"]

1. d4 e6 2. Bf4 Nf6 3. e3 c5 4. c3 Nc6 5. Nd2 b6 6. Ngf3 Bb7 7. Bd3 Be7 8. h3
h6 9. Qe2 d6 10. a3 Qc7 11. Bh2 e5 12. dxc5 bxc5 13. e4 a5 14. a4 O-O 15. O-O
Nd8 16. Rfe1 Ne6 17. Bb5 Kh8 18. Rad1 Nh5 19. Nf1 f5 20. Nxe5 Nhf4 21. Qc4 dxe5
22. Rd7 Qb6 23. Rxe7 Bxe4 24. Ne3 Ng5 25. h4 Nxg2 26. hxg5 Nxe1 27. Bxe5 Nf3+
28. Kf1 Nd2+ 29. Ke1 Nxc4 30. Bxg7+ Kg8 31. Bxc4+ Kh7 32. Be5+ Kg6 33. Rg7+ Kh5
34. Be2+ Kh4 35. Bg3+ Kh3 36. Bf1+ Bg2 37. Bxg2# 1-0

[Event "HZ Chess Tournament 2023"]
[Site "Vlissingen, Netherlands"]
[Date "2023.08.07"]
[Round "4.26"]
[White "Westerweele, Henrik"]
[Black "Lommers, Frank"]
[Result "1/2-1/2"]
[WhiteElo "1948"]
[BlackElo "2190"]
[PlyCount "22"]

1. e4 c5 2. c3 Nf6 3. e5 Nd5 4. Nf3 e6 5. d4 cxd4 6. cxd4 d6 7. Bd3 Nc6 8. O-O
Be7 9. Nc3 dxe5 10. dxe5 O-O 11. Qe2 b6 1/2-1/2

[Event "HZ Chess Tournament 2023"]
[Site "Vlissingen, Netherlands"]
[Date "2023.08.07"]
[Round "4.27"]
[White "Honkoop, Gilian"]
[Black "De Wolf, Johan"]
[Result "1-0"]
[WhiteElo "2183"]
[BlackElo "1984"]
[PlyCount "109"]

1. c4 e5 2. Nc3 Nc6 3. Nf3 d6 4. d4 Bg4 5. d5 Nce7 6. e4 Nf6 7. Be3 Nd7 8. h3
Bxf3 9. Qxf3 g6 10. g4 Bg7 11. O-O-O a5 12. h4 h5 13. Bh3 hxg4 14. Bxg4 Nf6 15.
Bh3 b6 16. Rdg1 Nh5 17. Bg4 Nf6 18. h5 Nxg4 19. Qxg4 Qd7 20. Qf3 Rf8 21. hxg6
fxg6 22. Qe2 O-O-O 23. Rh7 Rf7 24. c5 dxc5 25. Qa6+ Kb8 26. Nb5 Nc8 27. Rxg6
Bf6 28. Rhh6 Rdf8 29. a4 Be7 30. Nc3 Rf6 31. Qf1 Nd6 32. Rxf6 Bxf6 33. Qg2 Kb7
34. Kc2 Qg7 35. Qxg7 Bxg7 36. Rg6 Bf6 37. Kd3 Rf7 38. Ke2 Kc8 39. f3 Kd7 40.
Bf2 Ke7 41. Nd1 Rh7 42. Ne3 Kf7 43. Rg1 Rh5 44. Ng4 Bg7 45. Bg3 Bh8 46. Rg2 Ke7
47. Rg1 Kd7 48. Bf2 Ke7 49. Be3 Kd7 50. Nf2 Bf6 51. Rg6 Ke7 52. Ng4 Ne8 53.
Nxf6 Rh2+ 54. Kd3 Kf7 55. Ng4 1-0

[Event "HZ Chess Tournament 2023"]
[Site "Vlissingen, Netherlands"]
[Date "2023.08.07"]
[Round "4.28"]
[White "Verweij, David"]
[Black "Van Baar, Esper"]
[Result "1-0"]
[WhiteElo "1931"]
[BlackElo "2179"]
[PlyCount "83"]

1. Nf3 Nf6 2. g3 c5 3. Bg2 g6 4. d3 Bg7 5. O-O O-O 6. Nbd2 Nc6 7. e4 e5 8. c3
d5 9. Qb3 dxe4 10. dxe4 Qc7 11. Re1 Be6 12. Qc2 h6 13. Nf1 Rfd8 14. Be3 b6 15.
Nh4 Qe7 16. h3 Rac8 17. Rad1 Na5 18. b3 Nc6 19. Bc1 a5 20. Ne3 Qa7 21. f4 Ne7
22. f5 Bd7 23. fxg6 fxg6 24. Nd5 Nfxd5 25. exd5 Bf5 26. Nxf5 Nxf5 27. c4 Rd6
28. g4 Nd4 29. Qe4 a4 30. Bb2 axb3 31. axb3 b5 32. cxb5 Nxb5 33. Bxe5 Re8 34.
Qf4 Bxe5 35. Rxe5 c4+ 36. Kh1 Rf8 37. Qxc4 Na3 38. Qe4 Rdf6 39. d6 Rd8 40. Re8+
Rxe8 41. Qxe8+ Rf8 42. d7 1-0

[Event "HZ Chess Tournament 2023"]
[Site "Vlissingen, Netherlands"]
[Date "2023.08.07"]
[Round "4.29"]
[White "Van Foreest, Nanne"]
[Black "Weber, Dirk"]
[Result "0-1"]
[WhiteElo "1911"]
[BlackElo "2151"]
[PlyCount "62"]

1. e4 e5 2. Nf3 d6 3. Bc4 Be7 4. d3 Nf6 5. Nbd2 c6 6. O-O Bg4 7. Re1 O-O 8. Nf1
d5 9. exd5 cxd5 10. Bb3 a5 11. c3 a4 12. Bc2 e4 13. dxe4 dxe4 14. Qxd8 Bxd8 15.
Bxe4 Nxe4 16. Rxe4 Bxf3 17. gxf3 Nc6 18. Bf4 Bf6 19. Rc1 h5 20. Ng3 g6 21. Ree1
Rfd8 22. Ne4 Bg7 23. Kg2 Rd5 24. b3 axb3 25. axb3 Ra3 26. b4 Ne5 27. c4 Rd4 28.
Bxe5 Bxe5 29. Nc5 Bf4 30. Re4 Rxe4 31. fxe4 Bxc1 0-1